000 00340nam a2200133 a 4500
005 20141022141958.0
008 120306s19uu xx 00 eng d
050 _aCD
_bIr8 2003
100 _aIrvine, Kip R.
245 _aAssembly language for Intel-based computers /
_cKip Irvine.
250 _a4th ed.
260 _c2003.
942 _cAVM
999 _c276095
_d276095